000 00467nam a2200181Ia 4500
003 GCL
008 140319s9999 xx 000 0 eng d
040 _aGCL /
_cGCL
082 0 4 _a539.7
_bG A
100 1 _aGHOSHAL, S.N
245 1 0 _aATOMIC AND COMPANY LTD /
_cGHOSHAL, S.N
260 _a[S.N] :
_bS. CHAND & COMPANY LTD ،
_c1994
300 _a1052
650 0 4 _aNUCLEAR PHYSICS
650 0 4 _aATOMIC PHYSICS
650 0 4 _aNUCLEAR ENGINEERING
942 _2ddc
_cBK
999 _c12123
_d12123